Especie nueva de Anadia (Reptilia: Sauria: Gymnophthalmidae) para el Noroccidente de la Cordillera Oriental de Colombia (Registro nro. 15546)

Detalles MARC
000 -CABECERA
Campo de control 004800000a22001210004500
090 ## - CLASIFICACIÓN LOCAL
Colección AS
Consecutivo Seriadas
041 0# - IDIOMA
Código de idioma para texto/pista de sonido o título separado
100 1# - ASIENTO PRINCIPAL--NOMBRE PERSONAL
Nombre personal Rueda Almonacid, José Vicente
245 10 - MENCION DE TITULO
Título Especie nueva de Anadia (Reptilia: Sauria: Gymnophthalmidae) para el Noroccidente de la Cordillera Oriental de Colombia
700 1# - ASIENTO SECUNDARIO - NOMBRE PERSONAL
Nombre personal Rances Caicedo, José
773 1# - Item fuente:
Título Revista de Academia Colombiana de Ciencias Exactas, Físicas y Naturales
Descripción física 107
Paginas del Articulo 282-284
Lugar, editorial y fecha de publicación 2004
Información sobre la relación 28
942 ## - ELEMENTOS ADICIONALES (KOHA)
Tipo de ítem Artículo

No hay ítems disponibles.